Wszystkie drużyny La Liga 1 na sezon 2023/24 - Statystyki

Ogólne statystyki
  • Ten quiz został rozwiązany 58 razy
  • Średni wynik to 14 z 20
Statystyki odpowiedzi
Odpowiedź % Poprawnych
Real Madryt
98%
Barcelona
93%
Atletico Madryt
91%
Sevilla
87%
Real Betis
83%
Girona
80%
Real Sociedad
78%
Valencia
78%
Getafe
74%
Villarreal
70%
Las Palmas
67%
Athletic Bilbao
65%
Celta Vigo
63%
Cadiz
59%
Deportivo Alaves
59%
Mallorca
59%
Almeria
57%
Granada
57%
Rayo Vallecano
54%
Osasuna
50%
Nie znaleziono quizów pasujących do podanych kryteriów
Rozkład punktacji
Procent ludzi z każdym wynikiem
Percentyl według liczby udzielonych odpowiedzi
Twoja historia wyników
Nie rozwiązałeś tego quizu